000 00706nam a22002417a 4500
001 BR9510450
003 BR-BrBNA
005 20230928094822.0
007 ta
008 230509b bl.||||| |||| 00| 0 por d
040 _aBR-BrBNA
_bpor
_cBiblioteca Nacional de Agricultura
041 _a(Por)
072 _aE16; L01
_b5212
090 _ 5212 BR9510450
110 1 _aMinisterio da Agricultura, Brasilia, DF (Brasil). Equipe Tecnica de Estatistica Agropecuaria
_96792
245 1 _aRebanho bovino. Estrutura geral 1969
260 3 _aBrasilia, DF (Brasil):
_c1969.
300 _a11 p.
650 _aBovino
650 _aEstatistica de Producao
909 _a202309
_bLucia
_c55
_dLucia Elande
942 _cBK
999 _c52826
_d52826